Normal view
MARC view
Entry Topical Term
001 - CONTROL NUMBER
- control field: 29892
003 - CONTROL NUMBER IDENTIFIER
- control field: dpl
005 - DATE AND TIME OF LATEST TRANSACTION
- control field: 20110722104533.0
008 - FIXED-LENGTH DATA ELEMENTS
- fixed length control field: 110722|||a|||||| | ||| d
040 ## - CATALOGING SOURCE
- Original cataloging agency: dpl
- Transcribing agency: dpl
150 ## - HEADING--TOPICAL TERM
- Topical term or geographic name as entry element: hindi fiction
670 ## - SOURCE DATA FOUND
- Source citation: Work cat.: (dpl)36776: महाजन, कविता 29891, चूँ /, 2010
670 ## - SOURCE DATA FOUND
- Source citation: Work cat.: (dpl)36776: महाजन, कविता 29891, चूँ /, 2010
